• 首页
  • 本馆介绍
  • 公告通知
  • 最新文献
  • 馆藏检索
  • 电子资源
  • 读者导购
  • 参考咨询
  • 我的图书馆
  • 登录
  • 详细信息显示
  • 放入我的书架
  • 预约/预借图书
  • 作者相关作品
  • 分类相关作品
  • 丛书相关作品
  • 出版社相关作品

书目信息

  • 表格格式
  • 工作单格式
  • 卡片格式
题名:
伊拉斯谟的故事
    
 
作者: 房龙 著 ;宫维明 译
分册:  
出版信息: 北京   现代出版社  2016
页数: 156页
开本: 22cm
丛书名:
单 册:
中图分类: B503.914
科图分类:
主题词:
电子资源:
ISBN: 978-7-5143-3695-5
000 01157nam0 22002651 450
001 1754581543
005 20170516112211.0
010    @a978-7-5143-3695-5@dCNY25.80
100    @a20160926d2016 em y0chiy50 ea
101 1  @achi@ceng
102    @aCN@b110000
105    @aa z 000yd
106    @ar
200 1  @a伊拉斯谟的故事@9yi la si mo de gu shi@dThe praise of folly by desiderius Erasmus of Rotterdam, with a short lift of the author by Hendrik Willem Van Loon@f(美)亨德里克·威廉·房龙著@g宫维明译@zeng
210    @a北京@c现代出版社@d2016
215    @a156页@c图@d22cm
300    @a房龙手绘图画珍藏本
330    @a本书介绍了中世纪的荷兰思想家、哲学家、欧洲人文主义运动主要代表人物——伊拉斯谟,介绍了他的生平事迹。
510 1  @aPraise of folly by desiderius Erasmus of Rotterdam, with a short lift of the author by Hendrik Willem Van Loon@zeng
600  0 @a爱拉斯谟@9ai la si mo@c(Erasmus, Desiderius@f1465-1536)@x生平事迹
690    @aB503.914@v5
701  0 @c(美)@a房龙@9fang long@c(Van Loon, Hendrik Willem@f1882~1944)@4著
702  0 @a宫维明@9gong wei ming@4译
801  0 @aCN@b百万庄@c20170513
905    @b1007136-41@dB503.914@e92@f6
    
    伊拉斯谟的故事=The praise of folly by desiderius Erasmus of Rotterdam, with a short lift of the author by Hendrik Willem Van Loon/(美)亨德里克·威廉·房龙著/宫维明译.-北京:现代出版社,2016
    156页:图;22cm
    房龙手绘图画珍藏本
    
    ISBN 978-7-5143-3695-5:CNY25.80
    本书介绍了中世纪的荷兰思想家、哲学家、欧洲人文主义运动主要代表人物——伊拉斯谟,介绍了他的生平事迹。
●
相关链接 在E读中查询图书 在五车中查询图书 在当当中查询图书 在豆瓣中查询图书


正题名:伊拉斯谟的故事     索取号:B503.914/92         预约/预借

序号 登录号 条形码 馆藏地/架位号 状态 备注
1 1007136   210071367   第一样本阅览室/ [索取号:B503.914/92] 在馆    
2 1007137   210071376   教育系资料室/ [索取号:B503.914/92] 在馆    
3 1007138   210071385   教育系资料室/ [索取号:B503.914/92] 在馆    
4 1007139   210071394   教育系资料室/ [索取号:B503.914/92] 在馆    
5 1007140   210071401   第一借阅区/ [索取号:B503.914/92] 在馆    
6 1007141   210071410   第一借阅区/ [索取号:B503.914/92] 在馆    
唐山师范学院图书馆 欢迎您!
大连网信软件有限公司© 版权所有